000 00405nam a22001337a 4500
999 _c67449
_d67446
100 _aAsmat Zahra
_a17-MSM10
245 _aOn Stability Analysis of VAN DER pol Nonic Duffing Oscillator
260 _aNawabshah
_bQuest
_c2021
300 _a59p.
650 _aMaster of Science in Mathametics
700 _aDepartment of Mathemetics and Statistics
856 _uhttps://tinyurl.com/43a7fmfd
942 _cTHESIS